[Event "Bundesliga 0607"]
[Site "Germany"]
[Date "2007.02.04"]
[Round "9.1"]
[White "Rabiega, Robert"]
[Black "McShane, Luke J"]
[Result "1-0"]
[WhiteElo "2529"]
[BlackElo "2614"]
[Annotator "Meyer,CD"]
[PlyCount "77"]
[EventDate "2006.10.28"]
[EventType "team-tourn"]
[EventRounds "15"]
[EventCountry "GER"]
[SourceTitle "CBM 118"]
[Source "ChessBase"]
[SourceDate "2007.05.31"]
[SourceVersion "1"]
[SourceVersionDate "2007.05.31"]
[SourceQuality "1"]
[WhiteTeam "Berlin Tegel"]
[BlackTeam "Werder Bremen"]
[WhiteTeamCountry "GER"]
[BlackTeamCountry "GER"]

1. e4 c5 2. c3 Nf6 3. e5 Nd5 4. Nf3 Nc6 5. d4 cxd4 6. cxd4 d6 7. Bc4 e6 ({
Überläßt Weiß ein stabile Position im Zentrum und Raumvorteil, obwohl es auch
hier einige unklare und schwierige Abspiele gibt. (Rozentalis/Harley "Play the
2.c3 Sicilian") Der Textzug befestigt zwar den Vorposten auf d5, aber schließt
den Bc8 aus. Beliebter ist das aktivere} 7... Nb6 {, z.B.} 8. Bb3 (8. Bb5 dxe5
9. Nxe5 Bd7) 8... dxe5 9. d5 Na5) 8. O-O Be7 9. Qe2 O-O 10. Qe4 ({Um evtl. mit
Bd3 eine Lockerung des schwarzen Königsflügels zu erwirken. Nicht gut ist} 10.
Nc3 {wegen} Nxc3 11. bxc3 dxe5 12. dxe5 Qa5) 10... Bd7 (10... Qc7 $1 11. Bd3 f5
$1 (11... g6 12. Bh6 Rd8 13. Nbd2 dxe5 14. dxe5 Bd7 15. Rac1 Be8 16. Rfe1 Rac8
17. Bf1 Qb8 18. Nc4 b5 19. Nd6 Bxd6 20. exd6 $13) 12. exf6 Nxf6 13. Qe2 d5 $13
{mit gutem Spiel nach französischem Muster, Rozentalis/Harley.} (13... Nb4 $5 {
CDM})) 11. exd6 ({I} 11. Bd3 f5 12. exf6 Nxf6 13. Qe2 Qe8 14. Nc3 Qh5 15. Bf4
Qg4 16. Be3 Kh8 17. a3 Rae8 18. h3 Qh5 19. Ng5 Qxe2 20. Bxe2 Na5 21. Bb5 Nc6
22. Rac1 h6 23. Nf3 Rc8 24. Nh4 Be8 25. Bd3 d5 26. Ng6+ Bxg6 27. Bxg6 Bd6 28.
b4 Ne7 29. Bd3 Nf5 30. Ne2 Nxe3 31. fxe3 Rxc1 32. Rxc1 g5 33. Nc3 Rc8 34. Ne2
Rxc1+ 35. Nxc1 Kg7 36. Nb3 {remis, Brynell,S (2524)-McShane,L (2546)/Germany
2003}) ({II Von dem Bauernfraß} 11. Bxd5 $6 exd5 12. Qxd5 {sollte Weiß Abstand
nehmen:} Nb4 13. Qe4 (13. Qb3 dxe5 14. Nxe5 Be6 15. Qd1 Nxa2) 13... d5 14. Qe2
Bf5 15. Ne1 Nxa2) 11... Bxd6 12. Bxd5 exd5 13. Qxd5 Bg4 ({Gehaltvoller
erscheint} 13... Be6 {(© lt. Rogozenko), z.B.} 14. Qh5 Qd7 15. h3 Bc4 (15... g6
16. Qh4 f6 17. Nc3 Bf5 18. d5 Nb4 19. Nd4 g5 20. Qh5 Bg6 21. Qf3 Rae8 22. a3
Nc2 23. Nxc2 Bxc2 24. Be3 $16 {1:0/45, Sermek,D (2547)-Hulak,K (2546)/Celje
2004/CBM 103}) 16. Re1 Nb4 17. Na3 Bxa2 18. Bd2 Be6 $13 {/=, 0:1/55, Sermek,D 
(2555)-Jankovic,A (2480)/Steinbrunn 2005/CBM 106}) 14. Nc3 Re8 $6 ({
Unterschätzt nicht nur die folgende Riposte, sondern verrechnet sich auch noch
beim anschließenden Doppelangriff! Klar auf Remiskurs hingegen geht Schwarz mit
} 14... Bxf3 $142 15. Qxf3 Nxd4 {, z.B.} (15... Qh4 16. g3 Nxd4 17. Qd5 Qf6 18.
Rd1 Be5 19. Ne4 Qf3 20. Bg5 Qg4 21. Rxd4 Bxd4 22. Qxd4 f5 23. f3 Qh5 24. Qd5+
Kh8 25. Be7 Qf7 26. Qxf7 Rxf7 27. Bd6 fxe4 28. fxe4 Re8 29. e5 $15 {remis/48,
Yordanov,N (2174)-Tsvetkov,I (2334)/Plovdiv 2006}) 16. Qxb7 Rb8 17. Qxa7 (17.
Qd5 Ne2+ (17... Rb5 $5) 18. Kh1 Nxc1 19. Raxc1 Rxb2) 17... Nf3+ 18. gxf3 Qh4
19. f4 Qg4+ 20. Kh1 Qf3+ 21. Kg1 Qg4+ {remis, Sedina,E (2393)-Ciuksyte,D (2217)
/Warsaw 2001}) 15. Ng5 $1 Bh5 $2 ({Alternativen: I} 15... Re7 $8 {war vonnöten,
z.B.} 16. f3 Nb4 17. Qb3 Be6 18. Nxe6 Rxe6 19. Ne4 $14 a5 20. Bg5 Be7 21. Bxe7
Qxd4+ 22. Kh1 Rxe7 23. Rad1 Qe5 24. a3 Nc6 25. h3 h6 26. Rd5 Qc7 27. Rfd1 Rd8
28. Rxd8+ Nxd8 29. Qb5 Nc6 30. Qf5 Qe5 31. Qxe5 {remis, Rabiega,R (2524)
-Mortensen,E (2465)/Germany 2005}) ({II} 15... Qd7 $2 16. Nxf7 Qxf7 17. Qxd6
Rad8 18. Qg3) ({III} 15... Be6 $2 16. Qe4) 16. Nge4 $1 Bxh2+ (16... Rxe4 {
verliert ersatzlos die Qualität:} 17. Qxe4 Nxd4 (17... Bg6 18. Qd5) 18. Bf4 $18
) 17. Kxh2 Qxd5 18. Nf6+ $1 ({Dieses Zwischenschach wurde offenbar von McShane
übersehen. Freilich nicht} 18. Nxd5 $2 Rxe4 {, und Schwarz wäre fein raus.})
18... gxf6 19. Nxd5 $16 {Mit pikanten Gabeldrohungen auf f6 und c7, die nicht
gleichzeitig zu parieren sind.} Kg7 (19... Re6 20. Nc7 (20. Nf4 Re4) 20... Rd8
21. Nxe6 fxe6 22. Be3 Nxd4 23. Bxd4 Rxd4 24. Rac1) 20. Nc7 Nxd4 21. Nxa8 Rxa8
22. Bd2 ({I} 22. Be3 Nc2 23. Rac1 Be2 24. Rh1 Nxe3 25. fxe3 Bb5 26. Kg3 Re8 27.
Kf4 Bc6 28. Rc4 Re6) ({II} 22. Bf4 Bg4 23. f3 Be6 24. Rad1 Nc6 25. a3 Kg6)
22... Be2 $2 ({Zäher war} 22... Rd8) 23. Rfc1 $18 Ne6 ({Oder z.B.: I} 23... Rd8
24. Be3) ({II} 23... Bb5 24. a4 $1 Bc6 25. Rc4 Ne6 (25... Nb3 26. Rg4+ Kh8 27.
Bc3) 26. Rg4+) 24. Rc3 h5 25. Rg3+ Kh7 26. Re1 Bc4 27. Re4 Bxa2 28. Rh4 Ng7 29.
Bc3 Kh6 30. Bd2+ Kh7 31. Bc3 Kh6 32. Rf4 Bb1 33. Rxf6+ Bg6 34. Re3 Nf5 35. Re5
Kg5 36. Rd6 Kf4 37. g3+ Kf3 38. Rd3+ Kg4 39. Bd2 1-0

[Event "Olympiad-42"]
[Site "Baku"]
[Date "2016.09.05"]
[Round "4.1"]
[White "Smerdon, David"]
[Black "Carlsen, Magnus"]
[Result "1/2-1/2"]
[WhiteElo "2531"]
[BlackElo "2857"]
[Annotator "Meyer,CD"]
[PlyCount "51"]
[EventDate "2016.09.02"]
[EventType "team-swiss"]
[EventRounds "11"]
[EventCountry "AZE"]
[SourceTitle "CBM 175"]
[Source "ChessBase"]
[SourceDate "2016.11.10"]
[SourceVersion "1"]
[SourceVersionDate "2016.11.10"]
[SourceQuality "1"]
[WhiteTeam "Australia"]
[BlackTeam "Norway"]
[WhiteTeamCountry "AUS"]
[BlackTeamCountry "NOR"]

{SPIEL MIT DEM FEUER In der 4. Runde der Schacholympiade, im Match Australien
vs Norwegen, provoziert Weltmeister Magnus Carlsen in seiner Partie gegen GM
David Smerdon mit einem tollkühnen Bauernraub einen höchstgefährlichen
Königsangriff. Angesichts komplizierter und spannender Verwicklungen greifen
dann beide Seiten in der kritischen Phase daneben, so dass sich am Ende
insbesondere der Champ mit der Punkteteilung glücklich schätzen kann.} 1. e4
c5 2. c3 d5 3. exd5 Qxd5 4. d4 Nf6 5. Nf3 e6 6. Na3 (6. Bd3 Nc6 7. O-O Be7 8.
Be3 cxd4 9. cxd4 O-O 10. Nc3 Qd6 11. a3 b6 12. Qe2 Bb7 13. Rad1 Rad8 14. Rfe1
Qb8 15. Bb1 Rfe8 16. h3 g6 17. Bc1 Rc8 18. Ng5 Nd8 19. Ba2 Qa8 20. Qd3 Nd5 21.
Qg3 Nf6 $2 (21... Nxc3 $142 22. bxc3 Bd5) 22. Qh4 h5 23. Qg3 $40 {+/-, 1:0/34,
Smerdon,D (2498)-Croad,N (2282), England 2013}) 6... Qd8 (6... a6 7. Nc4 Nbd7
8. a4 cxd4 9. Qxd4 Bc5 10. Qxd5 exd5 11. Ne3 O-O {remis/32, Smerdon,D (2513)
-David,A (2565), Tromso 2014}) 7. Nc4 ({Häufiger geschieht} 7. Nc2 {, z.B.}
Nbd7 8. Bd3 Qc7 (8... Be7)) 7... Be7 (7... Nc6 8. Nce5 cxd4 9. Bb5 Qd5 10. c4
$5) 8. Be3 cxd4 9. Qxd4 ({Das wirkt recht friedfertig und betritt
unerforschtes Neuland; noch bekannt ist} 9. Nxd4 Nd5 (9... O-O) 10. Bd2 O-O 11.
Bd3 Bf6 {mit etwa gleichen Chancen.}) 9... O-O 10. O-O-O Nd5 11. Qg4 $5 {
Nun ist (früher) Damentausch vorübergehend kein Thema, und die Stellung wird
angesichts der heterogenen Rochaden rasch kampfbetonter und zweischneidiger.}
Nxe3 ({Interessante und ebenso unklare Alternativen: I} 11... Nd7 12. Bh6 Bf6
13. Bd3 b5 (13... Nc5 14. Bc2 Qc7 15. Ne3) 14. Ne3 Nc5 15. Bc2 Bb7) ({II} 11...
Qc7 12. Qg3 $5) ({III} 11... b5 $5 12. Nce5 Nxe3 13. fxe3 Qb6) 12. fxe3 Qc7 13.
Bd3 Nd7 14. Qf4 $5 Qc5 ({Da} 14... Qxf4 15. exf4 {ihm wenig bis gar nichts
gäbe, sucht Carlsen mit ausweichenden Damenmanövern sein Heil in waghalsigen
Verwicklungen.}) 15. b4 $5 Qc6 16. Nd4 $5 {Nach anfänglichem Respekt vor
seinem großen Gegner wittert der rauflustige australische Taktiker seine
Chance und bietet ein giftiges Bauernopfer an, dessen waghalsige Annahme
eigentlich kaum zu erwarten ist ...} (16. Kb2 $13 {/=}) 16... Qxg2 $6 {Der
Champion, "den hier offenbar der Schachteufel reitet", spielt va banque! Trotz
der Furcht einflößenden Öffnung der g-Linie vertraut Carlsen auf seine
Verteidigungsressourcen und Künste, und nicht zuletzt darauf, dass nun ja
auch sein Gegner etwas beweisen muss. Indes stellen die resultierenden
messerscharfen und komplexen Verwicklungen äußerst hohe Ansprüche an die
Kombattanten!} ({Alternativen: I Am ehesten kam m. E. die Ablehnung} 16... Qd5
$13 {/= in Betracht. Allerdings stünde die Dame nach} 17. Nf3 {weiterhin auch
ungemütlich, z,B.:} Qc6 (17... g6 $6 18. h4 $1 $40 (18. Bxg6 $4 fxg6 19. Rxd5
exd5 $17)) 18. Kb2 $5 (18. Nd4 Qd5 19. Nf3 Qc6 {mit Stellungswiederholung} (
19... Qb5 20. Nd4)) 18... Nb6 19. Nxb6 Qxb6 $13 {/=}) ({II} 16... Qa6 $6 {
wirkt nicht gerade Vertrauen erweckend:} 17. Kb2 g6 (17... b5 $2 18. Na5 $1 (
18. Qe4 $4 f5 $1 19. Qxe6+ (19. Qxa8 bxc4 20. Nc6 Bf6) 19... Qxe6 20. Nxe6 bxc4
21. Nxf8 (21. Bxc4 $2 Nb6 22. Bb3 Bxe6 23. Bxe6+ Kh8) 21... cxd3 22. Nxd7 Bxd7
23. Rxd3 Be6) 18... e5 19. Qe4 Nf6 20. Qxe5 $18 (20. Qxa8 exd4 21. exd4 $18))
18. h4 (18. a4 Nb6 19. Nxb6 Qxb6 20. a5 Qd6 (20... Qd8 21. Be4) 21. Qxd6 Bxd6
22. Nb5 Be7 23. Be4 $14) 18... b5 19. Ne5 Bd6 20. Bxb5 Bxe5 (20... Qb7 $143 21.
Bxd7 $1 Bxd7 22. Qf3 $16) 21. Bxa6 Bxf4 22. Bxc8 Rfxc8 23. exf4 Nb6 24. Kb3 $14
) 17. Rhg1 {Dieser Turm wartet mit trickreichen Manövern auf.} Qh3 ({Freilich
nicht} 17... Qxa2 $4 {wegen} 18. Rxg7+ Kxg7 19. Rg1+ Kh8 20. Qh6 $18 {nebst
unparierbarem Matt (} Qa1+ 21. Kd2 Qa2+ 22. Nc2 {)}) 18. Rg3 {Strebt geschickt
die Turmverdopplung an und verlangt dem Gegner "höllische Wachsamkeit" ab!}
Qh4 $2 {Damit sollte Carlsens tollkühner Schlingerkurs aber voll danebengehen!
} ({Selbstverständlich scheitert 18...Qxh2?? an 19.Rxg7+, indes war} 18... Qh5
$142 $8 {erforderlich, worauf nach dem weiteren} 19. Rdg1 (19. Be2 $2 Qh4 {
, denn nun wäre nach Damentausch nebst Rh3 der Punkt h7 nicht mehr doppelt
bedroht.}) 19... g6 {der Tanz mit dem folgenden Springeropfer erst richtig
losgeht:} (19... Bf6 $4 20. Be2 e5 21. Qf2 Qh6 22. Nf5) 20. Nxe6 $3 {und nun:}
Ne5 $8 {der einzig spielbare Zug!} (20... fxe6 $2 21. Bxg6 hxg6 22. Rxg6+ Kh7
23. Rg7+ Kh8 24. Qg3 Nf6 25. Rxe7 Rg8 26. Rg7 Bd7 27. Ne5 $18 Bb5 28. Qh4 (28.
Qf4 Rxg7 29. Qxf6) 28... Rxg7 29. Qxf6 Rag8 30. Ng6+ Kh7 31. Nf8+ Kh8 32. Rg4
$1 {mit dem Plan Rh4+-}) 21. Nxe5 Bxe6 22. Rg5 $8 {! Diese Finesse, wonach die
schwarze Dame in die Zange genommen wird, muss schon entkorkt werden.} Bxg5 (
22... Qh3 23. Nxg6 hxg6 24. Rxg6+ fxg6 25. Rxg6+ Kh8 26. Rh6+ Kg7 27. Rg6+ (27.
Rxh3 $4 Rxf4) 27... Kh8 28. Rh6+ $11) 23. Rxg5 Qh3 $142 (23... Qh6 24. Rxg6+
Qxg6 25. Nxg6 fxg6 (25... hxg6 26. Qh6 Rfe8 27. h4 $1 Rac8 (27... Rad8 $143 28.
Bb5 Bd7 29. h5 $1) 28. h5 Rxc3+ 29. Kd2 Rc7 30. hxg6 fxg6 31. Qxg6+ Kf8 32.
Qf6+ Kg8 33. a3 $14) 26. Qe4 Bxa2 27. Qxb7 $14) 24. Rg3 Qh5 25. Rg5 Qh3 $11 {
mit forcierter Stellungswiederholung wäre ein sehr ausgeklügeltes Finale
gewesen.}) 19. Qxh4 Bxh4 20. Rh3 Bg5 ({Oder: I} 20... Be7 21. Bxh7+ Kh8 22. Nf3
$1 $16 {Hier eine Art Patentzug, den wir hinter den Kulissen wiederholt
antreffen werden. Weiß macht seine d-Linie frei und spekuliert auf Nd6 (ggf.
Nce5), während Schwarz sowohl unter seiner unsicheren Königsstellung als
auch unter seinem unterentwicklten Damenflügel (Bc8) schwer laboriert.} a5 $5
{mag noch am zähesten sein:} (22... Rb8 23. Kb2 a6 24. Nd6 Bxd6 (24... Nf6
$143 25. Ng5 Bxd6 26. Rxd6 Bd7 27. Rd4 $1 g6 28. Nxf7+ Rxf7 29. Bxg6+ Kg7 30.
Bxf7 Kxf7 31. Rh6 e5 32. Rxf6+ Kxf6 33. Rxd7 $18) 25. Rxd6 g6 26. Bxg6+ Kg7 27.
Be4 $16) (22... Nb6 $2 23. Nce5 $1 Nd5 24. Rg1 Rb8 25. Ng4 g5 (25... g6 26.
Bxg6+ Kg7 27. Be4 $18) 26. Bc2+ Kg8 27. c4 Nxb4 28. Rh7 $1 f5 (28... Nxc2 29.
Nxg5 $18) 29. Rxe7 fxg4 30. Bh7+ Kh8 31. Ne5 Rf6 32. Rd1 $18) 23. b5 $1 (23.
Be4+ $5 Kg8 24. Bxb7 Ra7 $1 25. Nxa5 Nf6 26. Bc6 Bd8 27. Nc4 Rxa2 28. Rd2 Rxd2
29. Kxd2 $16) 23... Ra7 24. b6 Ra8 25. Nd6 Bxd6 26. Rxd6 g6 27. Bxg6+ Kg7 28.
Be4 $16 {mit großem Endspielvorteil}) ({II} 20... Bf6 21. Bxh7+ Kh8 22. Nf3 $1
Nb6 $2 (22... Be7 23. Be4+ Kg8 24. Bxb7 {wie gehabt}) (22... Bxc3 23. a3 $1 Bf6
24. Nd6 a5 25. b5 a4 (25... e5 26. Bc2+ Kg8 27. Nxc8 $18) 26. Kb1 $1 Ra5 27.
Ka2 g6 (27... Ra8 28. Nxc8 Raxc8 29. Rxd7 $18) 28. Bxg6+ Kg7 29. Be4 Rh8 30.
Rxh8 Kxh8 31. Rc1 Nb6 32. Nxc8 (32. Rc7) 32... Rxb5 33. Nd4 $18) 23. Nce5 $1
Nd5 (23... Bxe5 24. Nxe5 $18 g6 25. Bxg6+ Kg7 26. Rg1 Kf6 27. Nxf7) 24. c4 (24.
Ng4 Bxc3 25. Bd3+ Kg8 26. Nh6+ gxh6 27. Rg1+ Bg7 28. Rhg3 $18) 24... Nxe3 25.
Nxf7+ $1 Rxf7 26. Ne5 $18) ({III} 20... g5 $2 21. Rg1 Kh8 22. Bxh7 $1 e5 23.
Bc2 Nb6 (23... Nf6 24. Bf5 exd4 (24... Nh7 25. Nxe5 $18) 25. Rxg5 Bxf5 26. Rxf5
$18) (23... exd4 24. Rxg5 $18) 24. Nf5 f6 (24... Bxf5 25. Bxf5 f6 26. Nxe5 $18)
25. Nxe5 $18) 21. Rg1 $2 ({Womit der Kelch knapp an den Weltmeister
vorübergegangen ist! Ebenso wie er übersieht der sonst so erfolgreiche
australische Taktiker - die für ihn schmeichelhafte Punkteteilung in
Reichweite -, dass Weiß nach dem korrekten} 21. Bxh7+ $142 Kh8 {Gewinn
verheißenden Angriff erhält.} {Oder} 22. Bc2+ {, was unter Zugumstellung zur
vorigen Variante führt:} (22. Nf3 $1 $40 {Die nachhaltige Stärke dieses
Springerzuges, von meinen Silikon-Freunden schnell errechnet, blieb unseren
Protagonisten offenbar verborgen. Man sehe:} {Nach} Be7 {erhält Weiß großen
Endspielvorteil:} (22... Bh6 23. Bc2 $1 a5 (23... Kg8 24. Rg1 Kh8 25. Nd6 a5
26. Rd1 Nf6 (26... Kg8 27. Nxc8 $18 Raxc8 28. Rxd7 Rxc3 29. Kd2) 27. Ne5 Bd7
28. Ndxf7+ Kg8 (28... Rxf7 29. Nxf7+ Kg8 30. Nxh6+ gxh6 31. Rxh6 $18) 29. Nxh6+
gxh6 30. Rg1+ Kh8 31. Rxh6+ Nh7 32. Rxh7#) (23... e5 24. Nd6 Nf6 (24... e4 25.
Bxe4 Nf6 26. Bf5 $18) 25. Bf5 $1 $18 Bxf5 (25... Be6 26. Bxe6 fxe6 27. Nxe5)
26. Nxf5 Rfe8 27. Rg1) 24. Nd6 Kg8 25. Nxc8 Rfxc8 26. Rxd7 Rxc3 27. Kd2 Rxe3 (
27... Ra3 28. Nd4 Rxa2 29. bxa5 R2xa5 30. Rf3 Rf8 31. Bb3 Ra6 32. Rxb7 $18) 28.
Rxh6 Rxf3 29. Bh7+ Kf8 30. Rh4 axb4 31. Bc2 $18) (22... b5 $4 23. Nxg5 bxc4 24.
Be4+) (22... f6 $4 23. Nxg5 fxg5 24. Bf5+ Kg8 25. Bxe6+ $18) (22... Bf6 23. Nd6
$18 {, z.B.} Nb6 24. Bg6+ Kg8 25. Ne5 $1 Bxe5 26. Bh7+ Kh8 27. Nxf7+ Rxf7 28.
Rd8+ Rf8 29. Rxf8#) 23. Nd6 (23. Be4+ Kg8 24. Bxb7 Bxb7 25. Rxd7 Bxf3 (25...
Bd5 26. Rxe7 Bxc4 27. Ne5 Bxa2 28. Kb2 Bd5 29. c4 Bh1 30. b5 $18) 26. Rxf3 Bf6
27. Kc2 $16) 23... Nb6 24. c4 Bxd6 25. Rxd6 g6 26. Bxg6+ Kg7 27. Bd3 $16) 22...
Kg8 (22... Bh6 23. Nd6 a5 24. Nf3 {etc. +- siehe nachstehend}) 23. Nf3 $1 Be7 (
23... Bf6 24. Bh7+ Kh8 25. Nd6 {+-, siehe nachstehend}) (23... Bh6 24. Rg1 {
etc. +- siehe nachstehend}) 24. Bh7+ Kh8 25. Be4+ Kg8 26. Bxb7 {etc. +- siehe
nachstehend}) 21... h6 $11 {Ebenso erzwungen wie der folgende Remisschluss.}
22. Rxg5 hxg5 23. Bh7+ Kh8 24. Bd3+ Kg8 25. Bh7+ Kh8 26. Bd3+ 1/2-1/2

[Event "World Women-ch k.o."]
[Site "Teheran"]
[Date "2017.02.19"]
[Round "3.1"]
[White "Pham, Le Thao Nguyen"]
[Black "Muzychuk, Anna"]
[Result "0-1"]
[WhiteElo "2351"]
[BlackElo "2558"]
[Annotator "Mikhalchishin,A"]
[PlyCount "102"]
[EventDate "2017.02.11"]
[EventType "k.o."]
[EventRounds "7"]
[EventCountry "IRI"]
[SourceTitle "CBM 177"]
[Source "ChessBase"]
[SourceDate "2017.03.16"]
[SourceVersion "1"]
[SourceVersionDate "2017.03.16"]
[SourceQuality "1"]
[TimeControl "6000+815"]
[WhiteClock "0:26:51"]
[BlackClock "0:34:09"]

1. e4 c5 2. c3 g6 3. d4 cxd4 4. cxd4 d5 5. e5 Bg7 6. Nc3 Nc6 7. h3 f6 8. exf6 (
{Specialists prefer to keep the centre closed} 8. f4 Nh6 9. g4 O-O 10. Bg2 e6 (
{The correct decision in principle was to try to create direct counterplay:} 
10... fxe5 11. fxe5 e6 12. Nf3 Nf7 (12... Bd7 {was weaker:} 13. Be3 Rc8 14. Qd2
Nf7 15. O-O Na5 16. b3 Qb6 17. h4 $1 Rc7 18. Rac1 Rfc8 19. h5 gxh5 20. gxh5 Be8
21. Bh3 Qc6 22. h6 Bf8 23. Kh1 Nd8 24. Nh4 Bg6 25. Nxg6 hxg6 26. Ne2 Qb5 27.
h7+ {Pavasovic,D (2597)-Lie,K (2526)/Dresden 2008/CBM 128/1-0 (35)}) 13. O-O b5
$1 {Direct counter-attack on the queenside.} 14. Be3 Bd7 $6 (14... Ba6 {
was correct with sufficient counterplay.}) 15. Qd2 b4 16. Ne2 Qb6 17. Kh1 b3 (
17... Rac8 18. b3 Nb8 19. Rfc1 Bb5 {was much better.}) 18. axb3 Qxb3 19. Nc1
Qb6 20. Nd3 $16 {Goodger,M (2147)-Indrebo,K/Caleta 2010}) 11. Nf3 Nf7 12. O-O
g5 $6 {It looks logical to destroy the opponent's centre, but Black's pieces
are not active enough to do it successfully.} ({A typical French plan of
counterplay on the queenside was much better:} 12... Qb6 13. Na4 Qc7 14. Be3 b6
15. Rc1 Ba6 16. Rf2 Rac8) 13. exf6 ({Another good option was} 13. Ne2 gxf4 14.
exf6 Bxf6 15. Bxf4 Qb6 16. Qd2 e5 17. Be3 e4 18. Ne5 {with better play.}) 13...
Bxf6 14. fxg5 ({Here it was possible to transpose to the previous variation:} 
14. Ne2) 14... Nxg5 15. Nxg5 {Direct exchanges allow White to develop all his
pieces easily.} Bxg5 16. Rxf8+ Kxf8 17. Qf3+ Kg7 18. Bxg5 Qxg5 19. Rf1 Qe7 20.
Qe3 Bd7 21. b4 $1 {1-0 Pavasovic,D (2579)-Durarbayli,V (2476)/Rijeka 2010. A
very interesting positional idea - with this flank break White tries to
deflect his opponent's knight which is controlling the important central
e5-square.}) 8... exf6 ({Another capture is very playable, namely} 8... Nxf6 9.
Nf3 O-O 10. Be2 Nh5 11. O-O Nf4 12. Bxf4 Rxf4 13. Qc1 Rf5 14. Qd2 e6 15. Rac1
Bd7 16. b4 Qf6 17. Rfd1 Rf4 18. Bb5 Bh6 19. Bxc6 Bxc6 {In Ekdyshman,M (2283)
-Kovchan,A (2536)/Serpukhov 2003. Black got a good position.}) 9. Nf3 Nge7 10.
Be2 O-O 11. O-O g5 $5 (11... Qd6 12. Re1 a6 13. a3 Bf5) 12. Ne1 {Quite
artificial, the usual way is good enough:} (12. Re1 Bf5 13. Be3 Bg6 14. Rc1 Qd7
15. h4 (15. Bb5 $142) 15... h6 16. hxg5 fxg5 (16... hxg5 17. Nd2 Nf5 18. Nb3)
17. Nh2 Kh8 18. Bf3 Rad8 {Adams,M (2640)-Dzindzichashvili,R (2545)/New York
1994 Black has obtained very solid position.}) 12... h6 13. Be3 Be6 14. Nc2 Qd6
15. Qd2 Rae8 16. Nb5 ({It was better to prepare against the opponent's plan by
} 16. Rae1 f5 17. f4) 16... Qd7 17. Nb4 ({Black would have good play after} 17.
Bh5 Bf7 18. Bxf7+ Rxf7 19. f4 Nf5 20. Bf2 a6 21. Nc3 Nd6) 17... Nxb4 18. Qxb4
a6 19. Nc3 ({The active} 19. Nd6 $2 {was losing:} Nc6 20. Qa3 Rd8) 19... f5 20.
f4 Nc6 ({The direct} 20... g4 {was possible.}) 21. Qb6 (21. Qc5 {seemed to
slightly better.}) 21... Bf7 $1 {Now unpleasant threats over the e-file start.}
22. Bf2 Re6 $1 23. Bd1 Nxd4 {Black has won a pawn and the game is decided.} 24.
Qc5 b6 25. Qa3 b5 (25... gxf4 {was not bad.}) 26. Kh1 Qe7 {Muzychuk decided
for the endgame, but it was possible to increase the pressure.} (26... Rc8) 27.
Qxe7 Rxe7 28. Bxd4 Bxd4 29. Bb3 Bxc3 $1 {Anna realises her extra pawn in very
simple manner.} 30. bxc3 g4 31. hxg4 fxg4 32. Rad1 Re3 33. f5 ({The rook
ending after} 33. Bxd5 {was no better:} Rxc3 34. Kh2 Ra3 35. Bxf7+ Rxf7 36. Rd6
a5 $1 37. Rxh6 b4) 33... Rxc3 34. Kh2 Rd8 35. Rd4 h5 36. Rfd1 Kg7 37. Bxd5 Rxd5
38. Rxd5 Bxd5 39. Rxd5 Ra3 40. Rd6 ({There were no chances after} 40. Rd2 Kf6)
40... b4 41. Rg6+ Kf7 42. Rh6 a5 43. Rb6 ({Or} 43. Rxh5 Kf6) 43... h4 44. Rg6
Rxa2 45. Rxg4 Kf6 46. Rxh4 b3 47. Rh6+ Kxf5 48. Rb6 a4 49. Kh3 b2 50. g4+ Ke5
51. g5 Ra3+ 0-1